Fernando iii : tiempo de cruzada /

Guardado en:
Otros Autores: Ayala Martínez, Carlos, ed., Ríos Saloma, Martín, ed.
Formato: Libro
Publicado: México : Unam, Instituto de Investigaciones Históricas ; Sílex, 2012
Materias:
Etiquetas: Agregar Etiqueta
Sin Etiquetas, Sea el primero en etiquetar este registro!
LEADER 00742nam a22002055a 4500
001 EHU.bham042083
003 AR-BHAM
005 20130503134536.0
008 130507s2012##################000#0#####d
020 |a 9786070237607 
082 9 4 |a 946.01 
245 0 0 |a Fernando iii :  |b tiempo de cruzada /  |c  Ed. Por Carlos Ayala Martínez, Martín Ríos Saloma 
260 |a México :  |b Unam, Instituto de Investigaciones Históricas ; Sílex,  |c 2012 
300 |a 518 p. 
600 1 4 |a Fernando III-rey de Castilla y León, 1199?-1252 
653 |a España-historia de 
653 |a Castilla-españa-historia de 
700 1 |a Ayala Martínez, Carlos, ed. 
700 1 |a Ríos Saloma, Martín, ed. 
859 |a AR-BHAM  |b BIB. HUMANIDADES - General  |h 946.01  |i F393  |p 62.13  |t Ej.1